How to prepare for verbal ability and reading comprehension for the CAT (Record no. 180399)

MARC details
000 -LEADER
fixed length control field 00498nam a2200157Ia 4500
005 - DATE AND TIME OF LATEST TRANSACTION
control field 20250225111825.0
008 - FIXED-LENGTH DATA ELEMENTS--GENERAL INFORMATION
fixed length control field 231217s9999 xx 000 0 und d
020 ## - INTERNATIONAL STANDARD BOOK NUMBER
International Standard Book Number 9780070616448
082 ## - DEWEY DECIMAL CLASSIFICATION NUMBER
Classification number 658.076 SHA;1 R
100 ## - MAIN ENTRY--PERSONAL NAME
Personal name Sharma, Arun. Upadhyay, Meenakshi
245 #0 - TITLE STATEMENT
Title How to prepare for verbal ability and reading comprehension for the CAT
260 ## - PUBLICATION, DISTRIBUTION, ETC. (IMPRINT)
Date of publication, distribution, etc. 2007
Name of publisher, distributor, etc. Tata McGraw-Hill
Place of publication, distribution, etc. New Delhi
300 ## - PHYSICAL DESCRIPTION
Extent xv+4.36
650 ## - SUBJECT ADDED ENTRY--TOPICAL TERM
Topical term or geographic name as entry element prepare,verbal,ability,reading,comprehension,CAT
942 ## - ADDED ENTRY ELEMENTS (KOHA)
Koha item type Books
Holdings
Date last seen Total Checkouts Full call number Accession number Old discount Date checked out Cost, replacement price Price effective from Category Lost status Damaged status Department Withdrawn status bill no. bill date Permanent Location Current Location Shelving location Entry date Vendor Cost, normal purchase price Grants Currency symbol Conversion rate Discount Discount type Checked out Total Renewals
26/01/2024   658.076 SHA;3 48665 25   262.50 26/01/2024 Books     Central Library   46624 01/01/2015 Central Library Central Library Central Library 26/03/2008 Book Paradise 350.00 IS RS 1 87.5 Rupees    
26/01/2024   658.076 SHA;4 48666 25   262.50 26/01/2024 Books     Central Library   46624 16/03/2009 Central Library Central Library Central Library 26/03/2008 Book Paradise 350.00 IS RS 1 87.5 Rupees    
04/02/2025 1 658.076 SHA;1 R 48663 25 04/02/2025 262.50 26/01/2024 Books     Central Library   46624 26/12/2016 Central Library RFID Kiosk Central Library 26/03/2008 Book Paradise 350.00 IS RS 1 87.5 Rupees    
27/11/2025 2 658.076 SHA;2 R1 48664 25 27/11/2025 262.50 26/01/2024 Books     Central Library   46624 16/03/2009 Central Library RFID Kiosk Central Library 26/03/2008 Book Paradise 350.00 IS RS 1 87.5 Rupees 11/12/2025  
06/12/2025 2 658.076 SHA;5 48667 25 28/11/2025 262.50 26/01/2024 Books     Central Library   46624 02/01/2015 Central Library RFID Kiosk Central Library 26/03/2008 Book Paradise 350.00 IS RS 1 87.5 Rupees   1

© For any Suggestions or Query, please contact the library staff @ librarian@pes.edu or Phone: +9180 2672 1983/ 2108.